<?xml version="1.0" encoding="UTF-8"?>
<record
    xmlns:xsi="http://www.w3.org/2001/XMLSchema-instance"
    xsi:schemaLocation="http://www.loc.gov/MARC21/slim http://www.loc.gov/standards/marcxml/schema/MARC21slim.xsd"
    xmlns="http://www.loc.gov/MARC21/slim">

  <leader>05417nam a2200385 a 4500</leader>
  <controlfield tag="003">CHAP</controlfield>
  <controlfield tag="005">20240904093408.0</controlfield>
  <controlfield tag="007">ta</controlfield>
  <controlfield tag="008">230706s2021    mx ado|fom||| 001 0 spa d</controlfield>
  <datafield tag="040" ind1=" " ind2=" ">
    <subfield code="e">rda</subfield>
    <subfield code="c">mxchpua</subfield>
  </datafield>
  <datafield tag="041" ind1=" " ind2=" ">
    <subfield code="a">spa</subfield>
    <subfield code="b">eng</subfield>
  </datafield>
  <datafield tag="100" ind1="1" ind2=" ">
    <subfield code="9">187544</subfield>
    <subfield code="a">Escutia Monroy, Brenda</subfield>
  </datafield>
  <datafield tag="240" ind1="1" ind2="0">
    <subfield code="a">Antioxidant extracts from Renealmia alpinia seeds as an alternative of nutraceutic use.</subfield>
    <subfield code="l">Espa&#xF1;ol</subfield>
  </datafield>
  <datafield tag="245" ind1="1" ind2="0">
    <subfield code="a">Extractos antioxidantes de semillas de Renealmia alpinia como una alternativa de uso nutrace&#xFA;tico / </subfield>
    <subfield code="c">Brenda Escutia Monroy</subfield>
  </datafield>
  <datafield tag="264" ind1=" " ind2=" ">
    <subfield code="a">Chapingo, M&#xE9;xico :</subfield>
    <subfield code="b">El autor,</subfield>
    <subfield code="c">2021</subfield>
  </datafield>
  <datafield tag="300" ind1=" " ind2=" ">
    <subfield code="a">1 recurso en l&#xED;nea (xvi, 88 p&#xE1;ginas) :</subfield>
    <subfield code="b">ilustraciones, gr&#xE1;ficas, tablas, fotos</subfield>
  </datafield>
  <datafield tag="336" ind1=" " ind2=" ">
    <subfield code="2">rdacontent</subfield>
    <subfield code="a">texto</subfield>
    <subfield code="b">txt</subfield>
  </datafield>
  <datafield tag="337" ind1=" " ind2=" ">
    <subfield code="2">rdamedia</subfield>
    <subfield code="a">computadora</subfield>
    <subfield code="b">c</subfield>
  </datafield>
  <datafield tag="338" ind1=" " ind2=" ">
    <subfield code="2">rdacarrier</subfield>
    <subfield code="a">recurso en l&#xED;nea</subfield>
    <subfield code="b">cr</subfield>
  </datafield>
  <datafield tag="502" ind1=" " ind2=" ">
    <subfield code="a">Tesis</subfield>
    <subfield code="b">MCTA</subfield>
    <subfield code="c">Agroindustrias</subfield>
    <subfield code="d">2021</subfield>
    <subfield code="g">MAE</subfield>
  </datafield>
  <datafield tag="504" ind1=" " ind2=" ">
    <subfield code="a">Incluye bibliograf&#xED;as</subfield>
  </datafield>
  <datafield tag="520" ind1="3" ind2=" ">
    <subfield code="a">The x'kjit (Renealmia alpinia) belongs to the Zingiberaceae family, and in Mexico it is distributed in the areas of the Sierra de Oaxaca, Puebla, Veracruz and Chiapas. In Ecatl&#xE1;n, Puebla it is used in the preparation of a traditional seasonal dish, however, the residual seeds are discarded, whose added value lies among other properties in their antioxidant capacity of the same. Extracts of hexane, ethanol and methanol from the seeds were prepared, resulting in the methanolic extract being the one with the highest antioxidant capacity, followed by the extract of methanol-water at 80% (v / v), both adjusted to pH = 3. The ethanolic extract developed moderate antioxidant capacity, so this extract is recommended as a food additive as an alternative to the inhabitants of Ecatl&#xE1;n, Puebla. Likewise, the essential oil of these seeds was obtained by hydrodistillation, using a clevenger distiller, this oil was analyzed by gas chromatography with detection by mass spectrometry, the chromatogram with detection by mass spectrometry, the chromatogram obtained indicates the presence of at least 10 components whose molecular identity can be associated with: Isoamyl acetate, 2-tujene, 3-benzylsulfonyl-2,6,6-trimethylbicycle (3.1.1) heptane, &#x3B2;-Pinene, myrtenyl acetate, D-limonene, 2-carene, pinocarveol, bornyl acetate and alloaromandrene . By comparing the minority components of this essential oil with the fractions obtained by column chromatography of the hexane extract using the Nuclear Magnetic Resonance technique, a diadehyde-type diterpene, previously described, was identified. As part of this research, the consumers&#x2019; willingness to pay for nutraceutical products or foods added with them was determined, in order to offer a product based on x'kjit seed. It was found that consumers are interested in paying an extra price for nutraceuticals regardless of the origin or conditions of the plant.</subfield>
  </datafield>
  <datafield tag="520" ind1="3" ind2=" ">
    <subfield code="a">El x&#x2019;kjit (Renealmia alpinia) pertenece a la familia Zingiberaceae, y en M&#xE9;xico tiene una distribuci&#xF3;n en las zonas de la Sierra de Oaxaca, Puebla, Veracruz y Chiapas. En Ecatl&#xE1;n, Puebla se emplea en la elaboraci&#xF3;n de un platillo tradicional de temporada, sin embargo, las semillas residuales se desechan, cuyo valor agregado radica entre otras propiedades en la capacidad antioxidante de las mismas. Se prepararon extractos de hexano, etanol y metanol de las semillas, resultando el extracto metan&#xF3;lico el de mayor capacidad antioxidante, seguido por el extracto de metanol-agua al 80% (v / v), ambos ajustados a pH=3. El extracto etan&#xF3;lico desarroll&#xF3; capacidad antioxidante moderada, por lo que se recomienda este extracto como aditivo de alimentos como una alternativa a los pobladores de Ecatl&#xE1;n, Puebla. As&#xED; mismo se obtuvo el aceite esencial de estas semillas, por hidrodestilaci&#xF3;n, empleando un destilador clevenger, este aceite fue analizado por cromatograf&#xED;a de gases, con detecci&#xF3;n por espectrometr&#xED;a de masas, el cromatograma obtenido indic&#xF3; la presencia de al menos 10 componentes cuya identidad molecular puede asociarse con; Acetato de isoamilo, 2-tujeno, 3-bencilsulfonil-2,6,6-trimetilbiciclo (3.1.1) heptano, &#x3B2;-Pineno, acetato de mirtenoil, D-limoneno, 2-careno, pinocarveol, acetato de bornilo y &#xF3;xido de aloaromandreno. Al comparar los componentes minoritarios de este aceite esencial con las fracciones obtenidas por cromatograf&#xED;a en columna del extracto de hexano utilizando la t&#xE9;cnica de Resonancia Magn&#xE9;tica Nuclear, se identific&#xF3; un diterpeno de tipo dialdehido, previamente descrito. Como parte de esta investigaci&#xF3;n se determin&#xF3; la disposici&#xF3;n a pagar de los consumidores por productos nutrace&#xFA;ticos o alimentos adicionados con ellos, con la finalidad de ofrecer alg&#xFA;n producto con base en semilla de x&#x2019;kjit, resultando significativo que los consumidores est&#xE1;n interesados en pagar un precio extra por nutrace&#xFA;ticos sin tomar en cuenta el origen o condiciones de la planta.</subfield>
  </datafield>
  <datafield tag="650" ind1="1" ind2="3">
    <subfield code="9">187545</subfield>
    <subfield code="a">Renealmia alpinia</subfield>
  </datafield>
  <datafield tag="650" ind1="1" ind2="3">
    <subfield code="9">103873</subfield>
    <subfield code="a">Semillas</subfield>
  </datafield>
  <datafield tag="650" ind1="1" ind2="3">
    <subfield code="9">6070</subfield>
    <subfield code="a">Antioxidantes</subfield>
  </datafield>
  <datafield tag="650" ind1="1" ind2="3">
    <subfield code="9">137923</subfield>
    <subfield code="a">Valor nutritivo</subfield>
  </datafield>
  <datafield tag="650" ind1="1" ind2="3">
    <subfield code="9">163487</subfield>
    <subfield code="a">Seeds </subfield>
  </datafield>
  <datafield tag="650" ind1="1" ind2="3">
    <subfield code="9">157349</subfield>
    <subfield code="a">Antioxidants  </subfield>
    <subfield code="9">147443</subfield>
    <subfield code="a">Nutritive value  </subfield>
  </datafield>
  <datafield tag="700" ind1="1" ind2=" ">
    <subfield code="9">158257</subfield>
    <subfield code="a">Reyes Trejo, Benito</subfield>
    <subfield code="e">director</subfield>
  </datafield>
  <datafield tag="700" ind1="1" ind2=" ">
    <subfield code="a">Rojas Rojas, Mar&#xED;a Magdalena</subfield>
    <subfield code="e">asesora</subfield>
    <subfield code="9">99368</subfield>
  </datafield>
  <datafield tag="700" ind1="1" ind2=" ">
    <subfield code="9">149184</subfield>
    <subfield code="a">Guerra Ram&#xED;rez, Diana</subfield>
    <subfield code="e">asesora</subfield>
  </datafield>
  <datafield tag="856" ind1="4" ind2="0">
    <subfield code="y">DESCARGAR PDF</subfield>
    <subfield code="u">http://10.13.5.2/tesis/tm/1912737-6_BRENDA_ESCUTIA_MONROY.pdf</subfield>
  </datafield>
  <datafield tag="942" ind1=" " ind2=" ">
    <subfield code="c">TD</subfield>
    <subfield code="2">ddc</subfield>
  </datafield>
  <datafield tag="999" ind1=" " ind2=" ">
    <subfield code="c">219010</subfield>
    <subfield code="d">219010</subfield>
  </datafield>
  <datafield tag="952" ind1=" " ind2=" ">
    <subfield code="0">0</subfield>
    <subfield code="1">0</subfield>
    <subfield code="2">local</subfield>
    <subfield code="4">0</subfield>
    <subfield code="7">0</subfield>
    <subfield code="8">TesDigM</subfield>
    <subfield code="a">IA_</subfield>
    <subfield code="b">IA_</subfield>
    <subfield code="c">E_L</subfield>
    <subfield code="d">2023-07-06</subfield>
    <subfield code="e">El autor</subfield>
    <subfield code="l">0</subfield>
    <subfield code="p">1201013724</subfield>
    <subfield code="r">2023-07-06 00:00:00</subfield>
    <subfield code="w">2023-07-06</subfield>
    <subfield code="y">TD</subfield>
  </datafield>
  <datafield tag="952" ind1=" " ind2=" ">
    <subfield code="0">0</subfield>
    <subfield code="1">0</subfield>
    <subfield code="2">local</subfield>
    <subfield code="4">0</subfield>
    <subfield code="5">1</subfield>
    <subfield code="7">0</subfield>
    <subfield code="8">TesDigM</subfield>
    <subfield code="a">BD</subfield>
    <subfield code="b">BD</subfield>
    <subfield code="c">E_L</subfield>
    <subfield code="d">2024-02-06</subfield>
    <subfield code="e">El autor</subfield>
    <subfield code="l">0</subfield>
    <subfield code="o">Tesis digital</subfield>
    <subfield code="p">1301013724</subfield>
    <subfield code="r">2024-02-06 00:00:00</subfield>
    <subfield code="w">2024-02-06</subfield>
    <subfield code="y">TD</subfield>
  </datafield>
</record>
